000 00492nam a2200133Ia 4500
005 20260209120149.0
008 260209s9999||||xx |||||||||||||| ||und||
100 _aAmulya Anil
245 0 _aInvocation of article 142(1) by the supreme court : (in) complete justice?
260 _aBangaloreBangalore
_bNLSIU, Bangalore
_c2023 - 2024
300 _a25 p. ; 25 cm.
700 _aMs. Diya Deviah - SupervisorMs. Diya Deviah - Supervisor
856 _uhttps://dans.nls.ac.in/handle/123456789/2086
999 _c217645
_d217645